00919 am a2200241 a 450000500170000000800410001702000150005804100080007309200190008110000270010024500430012725000710017026000600024130000170030150001170031859000460043565300140048170000260049593000090052194200120053099900130054295201220055520240522104227.0100325s1989||||ag a f |||| 001 0 spa d a9500602040 aspa c616.61l8sBRE1 aBrenner, Barry M.9418 3aEl Riñón.bT.2 /cBarry M. Brenner a3a ed.bTraducción Nora Meeroff ; Daniel Landes y Ubaldo Patrone aBuenos Aires: bEditorial Médica Panamericana;c1989. a1057-2111 p. aBrenner, B. y Rector, F. C. (1989). El Riñón. T.2. (3a ed.). Buenos Aires : Editorial Médica Panamericana. aDonación Pablo Olavegogeascoechea, 2008 aRiñón1 aRector, Floyd C.9419 a1944 2ddccBK c178d178 00102ddc4070aBFMbBFMcCRd2011-05-13l0o616.61 8 BREp1944r2014-11-06tej.1w2011-05-13yBKzHemeroteca 2022f